Cellular and molecular immunology (Record no. 42062)

MARC details
000 -LEADER
fixed length control field 00314nam a2200121Ia 4500
082 ## - DEWEY DECIMAL CLASSIFICATION NUMBER
Classification number 577.27
Item number ABB
100 ## - MAIN ENTRY--AUTHOR NAME
Personal name Abbas, Abdul K
245 #0 - TITLE STATEMENT
Title Cellular and molecular immunology
250 ## - EDITION STATEMENT
Edition statement Ed.4
260 ## - PUBLICATION, DISTRIBUTION, ETC. (IMPRINT)
Place of publication Philadelphia
Name of publisher W.B.Saunders Company
Year of publication 2000
942 ## - ADDED ENTRY ELEMENTS (KOHA)
Koha item type Books
Holdings
Withdrawn status Lost status Damaged status Not for loan Home library Current library Date acquired Cost, normal purchase price Full call number Accession Number Koha item type
        RRII Library RRII Library 16/12/2021 54.95 577.27 ABB 22341 Books